000 00877cam a2200265 i 4500
001 1777282
003 ASAB
005 20180827062825.0
008 780504s1978 maua b 001 0 eng
010 _a 77076419
020 _a978-81-265-1106-8
040 _cASAB
050 0 0 _aR856
_b.M376
082 0 0 _a610
245 0 0 _aMedical instrumentation :
_bapplication and design /
_cJohn G. Webster, editor ; contributing authors, John W. Clark ... [et al.].
250 _aThird Edition
260 _aBoston :
_bHoughton Mifflin,
_cc2002
300 _axvi, 729 p. :
_bill. ;
_c25 cm.
504 _aIncludes bibliographies and index.
650 0 _aMedical instruments and apparatus.
_93655
700 1 _aWebster, John G.,
_d1932-
_93656
700 1 _aClark, John W.
_q(John William),
_d1936-
_93657
906 _a7
_bcbc
_corignew
_d2
_eopcn
_f19
_gy-gencatlg
942 _2ddc
_cBK
999 _c480770
_d480770